Splatoon - Groupes de Musique - Statistiques

Statistiques générales
  • Ce quiz a été pris 30 fois
    28 depuis la dernière actualisation
  • Le résultat moyen est 9 sur 25
Statistiques - réponses
Par images Réponse % Correct
Calamazones
95%
Tenta-Cool
84%
Tridenfer
79%
DJ Octave
68%
Dedf1sh
53%
Squid Squad
53%
Chirpy Chips
47%
SashiMori
42%
Turquoise October
37%
Wet Floor
37%
C-Side
32%
Damp Socks feat. Tenta-Cool
26%
Ink Theory
26%
Mr.Ours SA
26%
Yoko & the Gold Bazookas
26%
Diss-Pair
21%
H2Whoa
21%
Hightide Era
21%
Bob Dub
16%
Bottom Feeders
16%
Front Roe
16%
Octoplush
16%
DJ Lee Fish
11%
ω-3
5%
DJ Real Sole
5%
Aucun quiz correspondant
Distribution des résultats
% des personnes avec chaque résultat
Percentile par nombre de réponses
Votre historique - résultats
Vous n’avez pas pris ce quiz depuis la dernière actualisation